|
|
|
|
| LEADER |
01017cam a2200277 a 4500 |
| 001 |
c000392554 |
| 003 |
CARM |
| 005 |
20130121144307.0 |
| 008 |
130121s1923 nyu 000 0 eng d |
| 010 |
|
|
|a 23013362
|
| 019 |
1 |
|
|a 69840525
|5 LACONCORD2021
|
| 035 |
|
|
|a (OCoLC)1493868
|5 LACONCORD2021
|
| 040 |
|
|
|a DLC
|b eng
|c FJ
|d DLC
|
| 050 |
0 |
0 |
|a PS3537.H858
|b A19 1923
|
| 100 |
1 |
|
|a Shipman, Louis Evan,
|d 1869-1933.
|
| 245 |
1 |
0 |
|a Three comedies /
|c by Louis Evan Shipman: On parole, The fountain of youth, Fools errant.
|
| 260 |
|
|
|a New York :
|b The Macmillan Company,
|c 1923.
|
| 300 |
|
|
|a x, 334 p. ;
|c 22 cm.
|
| 740 |
0 |
|
|a Fountain of youth.
|
| 740 |
0 |
|
|a On parole.
|
| 740 |
0 |
|
|a Fools errant.
|
| 852 |
8 |
|
|b CARM
|p 0588911
|f BK
|
| 852 |
8 |
|
|b SCAN
|h A3:AG24F0
|i C12840
|p 0588911
|f BK
|
| 999 |
f |
f |
|i 01803626-7bcc-5ae0-988b-cb59001f69d5
|s a1ae76cc-ae73-54ff-b08c-8a6b1d23ebb8
|
| 952 |
f |
f |
|p Can circulate
|a CAVAL
|b CAVAL
|c CAVAL
|d CARM 1 Store
|i book
|m 0588911
|
| 952 |
f |
f |
|a CAVAL
|b CAVAL
|c CAVAL
|d Unmapped Location
|e C12840
|f A3:AG24F0
|h Other scheme
|